000 00909nam a2200229 a 4500
001 BRCA_946
005 20190320203222.0
008 950308s1994 mx-a---##b---#000-0#spa-#
020 _a9682949505
040 _aDLC
_cDLC
050 4 _aF1386.7.P3
_b.H57 1994
245 1 0 _aHistoria del Paseo de la Reforma
_ceditora B. Wendy Coss y León ; coordinador de la investigación Víctor Jiménez ; coordinador editorial Mauricio Martínez Rosas ; con ensayos de Víctor Jiménez ... [et al.].
260 _aMéxico
_bDemocracia : CONACULTA : INBA
_c[1994]
300 _a109 p.
_bil. (algunas a color)
_c29 cm.
504 _aIncluye referencias bibliográficas
651 4 _aPaseo de la Reforma (Ciudad de México)
_93130
651 4 _aCiudad de México
_xHistoria
_9691
700 1 _aCoss y León, B. Wendy
_93131
700 1 _aJiménez, Víctor
_93132
700 1 _aMartínez Rosas, Mauricio
_91399
942 _2lcc
_cB
999 _c835
_d835